[Event "Barbera Vs Valls"]
[Site "Barbera de Valles"]
[Date "2023.02.04"]
[Round "3.5"]
[White "Lorenzo de la Riva, Lazaro"]
[Black "Matnadze Bujiashvili, Ann"]
[Result "1/2-1/2"]
[TimeControl "90'+30\""]
[WhiteTitle "IM"]
[BlackTitle "WGM"]
[WhiteFideId "2268809"]
[BlackFideId "13601377"]
[WhiteElo "2420"]
[BlackElo "2392"]

1. d4 {[%clk 01:30:57]} {[%emt 00:58:57]} Nf6 {[%clk 01:30:46]} {[%emt
00:00:21]} 2. c4 {[%clk 01:31:07]} {[%emt 00:00:20]} e6 {[%clk 01:31:00]}
{[%emt 00:00:16]} 3. Nc3 {[%clk 01:31:22]} {[%emt 00:00:16]} d5 {[%clk
01:30:43]} {[%emt 00:00:48]} 4. cxd5 {[%clk 01:30:49]} {[%emt 00:01:03]} exd5
{[%clk 01:31:07]} {[%emt 00:00:05]} 5. Bg5 {[%clk 01:31:10]} {[%emt 00:00:09]}
c6 {[%clk 01:30:54]} {[%emt 00:00:44]} 6. e3 {[%clk 01:31:09]} {[%emt
00:00:30]} Be7 {[%clk 01:30:43]} {[%emt 00:00:40]} 7. Bd3 {[%clk 01:31:17]}
{[%emt 00:00:22]} Nbd7 {[%clk 01:30:50]} {[%emt 00:00:23]} 8. Nf3 {[%clk
01:29:19]} {[%emt 00:02:28]} Nf8 {[%clk 01:30:43]} {[%emt 00:00:38]} 9. Ne5
{[%clk 01:28:30]} {[%emt 00:01:19]} Ne6 {[%clk 01:31:05]} {[%emt 00:00:08]} 10.
Bh4 {[%clk 01:27:55]} {[%emt 00:01:05]} g6 {[%clk 01:31:14]} {[%emt 00:00:21]}
11. f3 {[%clk 01:16:54]} {[%emt 00:11:31]} Nd7 {[%clk 01:28:10]} {[%emt
00:03:34]} 12. Bg3 {[%clk 01:17:03]} {[%emt 00:00:21]} Nxe5 {[%clk 01:28:23]}
{[%emt 00:00:17]} 13. Bxe5 {[%clk 01:17:27]} {[%emt 00:00:06]} Bh4+ {[%clk
01:26:45]} {[%emt 00:02:08]} 14. Bg3 {[%clk 01:14:12]} {[%emt 00:03:45]} Bxg3+
{[%clk 01:26:34]} {[%emt 00:00:41]} 15. hxg3 {[%clk 01:14:35]} {[%emt
00:00:07]} Qg5 {[%clk 01:26:44]} {[%emt 00:00:20]} 16. Kf2 {[%clk 01:14:45]}
{[%emt 00:00:19]} h5 {[%clk 01:21:48]} {[%emt 00:05:26]} 17. b4 {[%clk
01:06:06]} {[%emt 00:09:10]} Bd7 {[%clk 01:12:06]} {[%emt 00:10:12]} 18. Qb3
{[%clk 00:56:11]} {[%emt 00:10:24]} Kf8 {[%clk 01:05:29]} {[%emt 00:07:07]} 19.
Ne2 {[%clk 00:54:19]} {[%emt 00:02:22]} Re8 {[%clk 01:05:16]} {[%emt 00:00:43]}
20. Bc2 {[%clk 00:52:12]} {[%emt 00:02:37]} Kg7 {[%clk 01:04:11]} {[%emt
00:01:35]} 21. Qc3 {[%clk 00:51:49]} {[%emt 00:00:53]} Qf6 {[%clk 01:01:21]}
{[%emt 00:03:20]} 22. Raf1 {[%clk 00:48:49]} {[%emt 00:03:29]} Nc7 {[%clk
00:59:00]} {[%emt 00:02:52]} 23. a4 {[%clk 00:48:07]} {[%emt 00:01:12]} Re7
{[%clk 00:58:35]} {[%emt 00:00:55]} 24. Nf4 {[%clk 00:48:11]} {[%emt 00:00:26]}
h4 {[%clk 00:57:32]} {[%emt 00:01:33]} 25. gxh4 {[%clk 00:45:28]} {[%emt
00:03:13]} Rxh4 {[%clk 00:57:55]} {[%emt 00:00:07]} 26. g3 {[%clk 00:45:42]}
{[%emt 00:00:15]} Rxh1 {[%clk 00:57:43]} {[%emt 00:00:41]} 27. Rxh1 {[%clk
00:46:11]} {[%emt 00:00:02]} Re8 {[%clk 00:55:13]} {[%emt 00:03:01]} 28. Nd3
{[%clk 00:42:15]} {[%emt 00:04:25]} Bf5 {[%clk 00:52:18]} {[%emt 00:03:24]} 29.
Ne5 {[%clk 00:41:55]} {[%emt 00:00:51]} Bxc2 {[%clk 00:49:31]} {[%emt
00:03:18]} 30. Qxc2 {[%clk 00:42:20]} {[%emt 00:00:04]} Qe7 {[%clk 00:47:57]}
{[%emt 00:02:03]} 31. Qc5 {[%clk 00:36:24]} {[%emt 00:06:27]} f6 {[%clk
00:33:37]} {[%emt 00:14:50]} 32. Ng4 {[%clk 00:33:47]} {[%emt 00:03:07]} a6
{[%clk 00:27:07]} {[%emt 00:07:01]} 33. Kg2 {[%clk 00:31:14]} {[%emt 00:03:03]}
Ne6 {[%clk 00:25:27]} {[%emt 00:02:09]} 34. Qxe7+ {[%clk 00:28:43]} {[%emt
00:03:01]} Rxe7 {[%clk 00:25:56]} {[%emt 00:00:01]} 35. f4 {[%clk 00:28:11]}
{[%emt 00:01:02]} Nd8 {[%clk 00:25:38]} {[%emt 00:00:48]} 36. b5 {[%clk
00:25:41]} {[%emt 00:03:00]} cxb5 {[%clk 00:17:59]} {[%emt 00:08:09]} 37. axb5
{[%clk 00:26:09]} {[%emt 00:00:02]} Rc7 {[%clk 00:16:56]} {[%emt 00:01:33]} 38.
Ra1 {[%clk 00:23:02]} {[%emt 00:03:38]} axb5 {[%clk 00:16:21]} {[%emt
00:01:05]} 39. Rb1 {[%clk 00:23:24]} {[%emt 00:00:07]} Nf7 {[%clk 00:13:25]}
{[%emt 00:03:26]} 40. Rxb5 {[%clk 00:22:13]} {[%emt 00:01:41]} Nd6 {[%clk
00:12:18]} {[%emt 00:01:36]} 41. Rxd5 {[%clk 00:19:09]} {[%emt 00:03:34]} Ne4
{[%clk 00:12:35]} {[%emt 00:00:13]} 42. Rb5 {[%clk 00:10:40]} {[%emt 00:08:58]}
Rc2+ {[%clk 00:11:39]} {[%emt 00:01:25]} 43. Kh3 {[%clk 00:09:46]} {[%emt
00:01:25]} Rc7 {[%clk 00:08:22]} {[%emt 00:03:47]} 44. Rb2 {[%clk 00:09:21]}
{[%emt 00:00:55]} Nd6 {[%clk 00:05:30]} {[%emt 00:03:23]} 45. Nf2 {[%clk
00:08:41]} {[%emt 00:01:11]} f5 {[%clk 00:04:51]} {[%emt 00:01:09]} 46. Nd3
{[%clk 00:07:59]} {[%emt 00:01:11]} b5 {[%clk 00:04:15]} {[%emt 00:01:06]} 47.
Nc5 {[%clk 00:06:08]} {[%emt 00:02:20]} Re7 {[%clk 00:03:56]} {[%emt 00:00:50]}
48. Rb3 {[%clk 00:06:37]} {[%emt 00:00:02]} Ra7 {[%clk 00:04:15]} {[%emt
00:00:10]} 49. g4 {[%clk 00:06:48]} {[%emt 00:00:19]} Kf7 {[%clk 00:02:53]}
{[%emt 00:01:52]} 50. Kg3 {[%clk 00:06:50]} {[%emt 00:00:28]} Ra1 {[%clk
00:03:08]} {[%emt 00:00:16]} 51. g5 {[%clk 00:06:11]} {[%emt 00:01:09]} Ra2
{[%clk 00:03:20]} {[%emt 00:00:17]} 52. Rb1 {[%clk 00:05:54]} {[%emt 00:00:47]}
Ke7 {[%clk 00:02:07]} {[%emt 00:01:44]} 53. Rh1 {[%clk 00:05:26]} {[%emt
00:00:58]} Nc4 {[%clk 00:02:07]} {[%emt 00:00:30]} 54. Rh7+ {[%clk 00:04:52]}
{[%emt 00:01:04]} Kd6 {[%clk 00:02:36]} 55. Rd7+ {[%clk 00:03:40]} {[%emt
00:01:43]} Kc6 {[%clk 00:03:05]} {[%emt 00:00:02]} 56. Re7 {[%clk 00:03:23]}
{[%emt 00:00:46]} Nd2 {[%clk 00:03:21]} {[%emt 00:00:13]} 57. e4 {[%clk
00:02:50]} {[%emt 00:01:04]} Ra3+ {[%clk 00:01:37]} {[%emt 00:02:14]} 58. Kf2
{[%clk 00:02:30]} {[%emt 00:00:49]} Nxe4+ {[%clk 00:01:24]} {[%emt 00:00:43]}
59. Nxe4 {[%clk 00:02:51]} {[%emt 00:00:09]} fxe4 {[%clk 00:01:53]} {[%emt
00:00:01]} 60. Rxe4 {[%clk 00:03:03]} {[%emt 00:00:18]} Kd5 {[%clk 00:02:15]}
{[%emt 00:00:08]} 61. Re5+ {[%clk 00:03:13]} {[%emt 00:00:20]} Kxd4 {[%clk
00:02:27]} {[%emt 00:00:18]} 62. Re6 {[%clk 00:01:47]} {[%emt 00:01:55]} b4
{[%clk 00:02:20]} {[%emt 00:00:36]} 63. Rxg6 {[%clk 00:01:34]} {[%emt
00:00:42]} Ke4 {[%clk 00:02:47]} {[%emt 00:00:04]} 64. Rf6 {[%clk 00:01:03]}
{[%emt 00:01:01]} b3 {[%clk 00:02:35]} {[%emt 00:00:41]} 65. g6 {[%clk
00:00:57]} {[%emt 00:00:37]} b2 {[%clk 00:02:26]} {[%emt 00:00:39]} 66. Rb6
{[%clk 00:00:55]} {[%emt 00:00:32]} Kxf4 {[%clk 00:01:47]} {[%emt 00:01:09]} 67.
Rxb2 {[%clk 00:00:52]} {[%emt 00:00:33]} Rf3+ {[%clk 00:02:07]} {[%emt
00:00:09]} 68. Ke2 {[%clk 00:01:15]} {[%emt 00:00:07]} Rg3 {[%clk 00:02:32]}
{[%emt 00:00:06]} 69. Rb6 {[%clk 00:01:39]} {[%emt 00:00:06]} Kf5 {[%clk
00:02:58]} {[%emt 00:00:04]} 70. Kf2 {[%clk 00:01:56]} {[%emt 00:00:12]} Rxg6
{[%clk 00:03:24]} {[%emt 00:00:04]} 71. Rxg6 {[%clk 00:02:20]} {[%emt
00:00:06]} Kxg6 {[%emt 00:00:03]} 1/2-1/2

[Event "Barbera Vs Valls"]
[Site "Barbera de Valles"]
[Date "2023.02.04"]
[Round "3.7"]
[White "Perez Manas, Benjamin"]
[Black "Garcia Jimenez, Francisco Javier"]
[Result "1-0"]
[TimeControl "90'+30\""]
[WhiteTitle "FM"]
[BlackTitle "FM"]
[WhiteFideId "22200169"]
[BlackFideId "2231590"]
[WhiteElo "2192"]
[BlackElo "2244"]

1. e4 {[%clk 01:30:56]} {[%emt 00:00:03]} e5 {[%clk 01:30:14]} {[%emt
00:00:47]} 2. Nf3 {[%clk 01:31:00]} {[%emt 00:00:26]} Nf6 {[%clk 01:30:39]}
{[%emt 00:00:05]} 3. Nxe5 {[%clk 01:30:32]} {[%emt 00:00:58]} Nxe4 {[%clk
01:31:04]} {[%emt 00:00:05]} 4. Qe2 {[%clk 01:30:36]} {[%emt 00:00:26]} Qe7
{[%clk 01:31:27]} {[%emt 00:00:08]} 5. Qxe4 {[%clk 01:30:58]} {[%emt 00:00:08]}
d6 {[%clk 01:31:54]} {[%emt 00:00:03]} 6. d4 {[%clk 01:31:01]} {[%emt
00:00:27]} dxe5 {[%clk 01:32:20]} {[%emt 00:00:04]} 7. dxe5 {[%clk 01:31:20]}
{[%emt 00:00:10]} Nc6 {[%clk 01:32:43]} {[%emt 00:00:06]} 8. Nc3 {[%clk
01:31:22]} {[%emt 00:00:28]} Qxe5 {[%clk 01:31:50]} {[%emt 00:01:24]} 9. Qxe5+
{[%clk 01:28:41]} {[%emt 00:03:11]} Nxe5 {[%clk 01:32:18]} {[%emt 00:00:02]} 10.
Nb5 {[%clk 01:27:06]} {[%emt 00:02:05]} Bb4+ {[%clk 01:25:21]} {[%emt
00:07:27]} 11. c3 {[%clk 01:17:32]} {[%emt 00:10:04]} Ba5 {[%clk 01:18:33]}
{[%emt 00:07:19]} 12. Be3 {[%clk 00:54:25]} {[%emt 00:23:37]} a6 {[%clk
01:12:13]} {[%emt 00:06:50]} 13. Na3 {[%clk 00:52:36]} {[%emt 00:02:18]} O-O
{[%clk 01:10:03]} {[%emt 00:02:40]} 14. Nc4 {[%clk 00:47:05]} {[%emt 00:06:02]}
Nxc4 {[%clk 01:10:22]} {[%emt 00:00:12]} 15. Bxc4 {[%clk 00:47:28]} {[%emt
00:00:06]} c6 {[%clk 01:03:09]} {[%emt 00:07:43]} 16. O-O {[%clk 00:44:08]}
{[%emt 00:03:50]} Bf5 {[%clk 01:03:25]} {[%emt 00:00:14]} 17. Bc5 {[%clk
00:43:27]} {[%emt 00:01:10]} Rfe8 {[%clk 01:03:05]} {[%emt 00:00:50]} 18. Rfe1
{[%clk 00:42:58]} {[%emt 00:00:58]} Rad8 {[%clk 00:57:01]} {[%emt 00:06:34]} 19.
h3 {[%clk 00:33:16]} {[%emt 00:10:12]} Be6 {[%clk 00:49:16]} {[%emt 00:08:15]}
20. Bxe6 {[%clk 00:32:58]} {[%emt 00:00:49]} Rxe6 {[%clk 00:49:38]} {[%emt
00:00:08]} 21. Rxe6 {[%clk 00:33:22]} {[%emt 00:00:06]} fxe6 {[%clk 00:50:06]}
{[%emt 00:00:02]} 22. Be3 {[%clk 00:33:39]} {[%emt 00:00:13]} Bc7 {[%clk
00:50:05]} {[%emt 00:00:31]} 23. Kf1 {[%clk 00:34:01]} {[%emt 00:00:08]} Rd5
{[%clk 00:50:26]} {[%emt 00:00:09]} 24. c4 {[%clk 00:33:06]} {[%emt 00:01:24]}
Ra5 {[%clk 00:39:22]} {[%emt 00:11:35]} 25. a4 {[%clk 00:19:49]} {[%emt
00:13:47]} Rf5 {[%clk 00:31:59]} {[%emt 00:07:52]} 26. Rd1 {[%clk 00:19:28]}
{[%emt 00:00:51]} Rf7 {[%clk 00:32:24]} {[%emt 00:00:05]} 27. Ke2 {[%clk
00:19:43]} {[%emt 00:00:15]} Kf8 {[%clk 00:32:33]} {[%emt 00:00:22]} 28. Bc5+
{[%clk 00:19:28]} {[%emt 00:00:45]} Ke8 {[%clk 00:32:51]} {[%emt 00:00:12]} 29.
Rd3 {[%clk 00:19:50]} {[%emt 00:00:08]} Rf5 {[%clk 00:31:54]} {[%emt 00:01:27]}
30. Bd4 {[%clk 00:18:38]} {[%emt 00:01:42]} g6 {[%clk 00:29:04]} {[%emt
00:03:21]} 31. g4 {[%clk 00:17:18]} {[%emt 00:01:50]} Rf7 {[%clk 00:27:50]}
{[%emt 00:01:44]} 32. Ke3 {[%clk 00:10:15]} {[%emt 00:07:33]} e5 {[%clk
00:25:18]} {[%emt 00:03:03]} 33. Bc5 {[%clk 00:10:32]} {[%emt 00:00:13]} e4
{[%clk 00:25:32]} {[%emt 00:00:16]} 34. Rd4 {[%clk 00:08:15]} {[%emt 00:02:46]}
Rf3+ {[%clk 00:25:47]} {[%emt 00:00:15]} 35. Ke2 {[%clk 00:08:40]} {[%emt
00:00:06]} Rxh3 {[%clk 00:26:09]} {[%emt 00:00:08]} 36. Rxe4+ {[%clk 00:09:04]}
{[%emt 00:00:05]} Kd8 {[%clk 00:26:28]} {[%emt 00:00:11]} 37. Be3 {[%clk
00:08:06]} {[%emt 00:01:28]} Kd7 {[%clk 00:24:32]} {[%emt 00:02:26]} 38. c5
{[%clk 00:07:04]} {[%emt 00:01:31]} Bd8 {[%clk 00:22:13]} {[%emt 00:02:49]} 39.
Rb4 {[%clk 00:06:52]} {[%emt 00:00:42]} Kc8 {[%clk 00:22:33]} {[%emt 00:00:10]}
40. Rf4 {[%clk 00:07:15]} {[%emt 00:00:06]} Be7 {[%clk 00:21:25]} {[%emt
00:01:39]} 41. Kf1 {[%clk 00:05:42]} {[%emt 00:02:03]} Rh1+ {[%clk 00:15:59]}
{[%emt 00:05:55]} 42. Kg2 {[%clk 00:06:07]} {[%emt 00:00:05]} Rb1 {[%clk
00:16:24]} {[%emt 00:00:05]} 43. Rf7 {[%clk 00:06:33]} {[%emt 00:00:04]} Kd8
{[%clk 00:16:38]} {[%emt 00:00:16]} 44. Rxh7 {[%clk 00:06:24]} {[%emt
00:00:39]} Rxb2 {[%clk 00:17:04]} {[%emt 00:00:04]} 45. Rg7 {[%clk 00:06:16]}
{[%emt 00:00:37]} Rb4 {[%clk 00:17:13]} {[%emt 00:00:22]} 46. Rxg6 {[%clk
00:06:32]} {[%emt 00:00:14]} Rxa4 {[%clk 00:17:40]} {[%emt 00:00:04]} 47. f4
{[%clk 00:06:14]} {[%emt 00:00:47]} Ra3 {[%clk 00:17:18]} {[%emt 00:00:52]} 48.
Kf2 {[%clk 00:05:58]} {[%emt 00:00:46]} a5 {[%clk 00:16:52]} {[%emt 00:00:56]}
49. f5 {[%clk 00:05:46]} {[%emt 00:00:42]} Bh4+ {[%clk 00:17:03]} {[%emt
00:00:20]} 50. Ke2 {[%clk 00:05:39]} {[%emt 00:00:36]} a4 {[%clk 00:17:13]}
{[%emt 00:00:21]} 51. g5 {[%clk 00:05:31]} {[%emt 00:00:38]} Ra2+ {[%clk
00:17:24]} {[%emt 00:00:18]} 52. Kd3 {[%clk 00:04:39]} {[%emt 00:01:21]} Bf2
{[%clk 00:17:17]} {[%emt 00:00:38]} 53. Rg8+ {[%clk 00:04:22]} {[%emt
00:00:47]} Kd7 {[%clk 00:17:35]} {[%emt 00:00:13]} 54. Rg7+ {[%clk 00:04:14]}
{[%emt 00:00:37]} Ke8 {[%clk 00:17:39]} {[%emt 00:00:26]} 55. Bxf2 {[%clk
00:04:05]} {[%emt 00:00:39]} Rxf2 {[%clk 00:18:07]} {[%emt 00:00:02]} 56. Ke4
{[%clk 00:04:19]} {[%emt 00:00:16]} Rb2 {[%clk 00:17:01]} {[%emt 00:01:36]} 57.
f6 {[%clk 00:01:46]} {[%emt 00:03:04]} a3 {[%clk 00:17:20]} {[%emt 00:00:11]}
58. g6 {[%clk 00:01:57]} {[%emt 00:00:18]} a2 {[%clk 00:17:34]} {[%emt
00:00:16]} 59. Rg8+ {[%clk 00:01:39]} {[%emt 00:00:48]} Kd7 {[%clk 00:18:03]}
{[%emt 00:00:01]} 60. Ra8 {[%clk 00:02:00]} {[%emt 00:00:08]} Rg2 {[%clk
00:17:19]} {[%emt 00:01:15]} 61. f7 {[%clk 00:02:09]} {[%emt 00:00:22]} 1-0

[Event "Barbera Vs Valls"]
[Site "Barbera de Valles"]
[Date "2023.02.04"]
[Round "3.8"]
[White "Vehi Bach, Victor Manuel"]
[Black "Obon Temprano, Sergi"]
[Result "1/2-1/2"]
[TimeControl "90'+30\""]
[WhiteTitle "IM"]
[BlackTitle "FM"]
[WhiteFideId "2200228"]
[BlackFideId "2226545"]
[WhiteElo "2248"]
[BlackElo "2193"]

1. e4 {[%emt 00:08:58]} e5 {[%emt 00:00:09]} 2. Nf3 {[%emt 00:00:09]} Nc6
{[%emt 00:00:08]} 3. Nc3 {[%emt 00:00:17]} Nf6 {[%emt 00:00:10]} 4. Bb5 {[%emt
00:00:21]} Bd6 {[%emt 00:00:15]} 5. d3 {[%emt 00:00:34]} a6 {[%emt 00:00:31]} 6.
Ba4 {[%emt 00:00:25]} h6 {[%emt 00:00:20]} 7. a3 {[%emt 00:01:24]} O-O {[%emt
00:05:35]} 8. g4 {[%emt 00:02:52]} Nh7 {[%emt 00:05:39]} 9. g5 {[%emt
00:10:52]} h5 {[%emt 00:10:52]} 10. Bb3 {[%emt 00:14:23]} g6 {[%emt 00:07:11]}
11. Be3 {[%emt 00:09:32]} Be7 {[%emt 00:09:49]} 12. Nd5 {[%emt 00:04:46]} d6
{[%emt 00:03:38]} 13. Qd2 {[%emt 00:03:19]} Be6 {[%emt 00:10:19]} 14. Rg1
{[%emt 00:00:41]} Re8 {[%emt 00:04:24]} 15. Nh4 {[%emt 00:09:46]} Bf8 {[%emt
00:06:46]} 16. O-O-O {[%emt 00:10:11]} Nb8 {[%emt 00:09:42]} 17. f4 {[%emt
00:07:19]} exf4 {[%emt 00:02:18]} 18. Bd4 {[%emt 00:01:35]} Nc6 {[%emt
00:05:03]} 19. Nf6+ {[%emt 00:03:21]} Nxf6 {[%emt 00:01:48]} 20. Bxf6 {[%emt
00:00:07]} Qd7 {[%emt 00:00:08]} 21. Bxe6 {[%emt 00:01:16]} Qxe6 {[%emt
00:00:39]} 22. Qxf4 {[%emt 00:01:01]} Bg7 {[%emt 00:00:49]} 23. Rdf1 {[%emt
00:02:03]} Nd4 {[%emt 00:01:58]} 24. Qe3 {[%emt 00:02:35]} c5 {[%emt 00:01:35]}
25. c3 {[%emt 00:04:48]} Rac8 {[%emt 00:01:51]} 26. Kb1 {[%emt 00:01:07]} Nb5
{[%emt 00:02:33]} 27. c4 {[%emt 00:01:06]} Nd4 {[%emt 00:00:51]} 28. Bxg7
{[%emt 00:00:07]} Kxg7 {[%emt 00:00:06]} 29. Rf6 {[%emt 00:00:09]} Qe5 {[%emt
00:01:43]} 30. Nf3 {[%emt 00:01:27]} Nxf3 {[%emt 00:00:36]} 31. Qxf3 {[%emt
00:00:01]} Re7 {[%emt 00:00:42]} 32. Rf1 {[%emt 00:00:17]} Rcc7 {[%emt
00:01:06]} 33. Qf4 {[%emt 00:00:18]} Rcd7 {[%emt 00:00:25]} 34. Qxe5 {[%emt
00:02:28]} dxe5 {[%emt 00:01:21]} 35. Kc2 {[%emt 00:00:07]} Rd4 {[%emt
00:00:52]} 36. Kc3 {[%emt 00:00:58]} Red7 {[%emt 00:00:32]} 37. R1f3 {[%emt
00:00:07]} R4d6 {[%emt 00:02:15]} 38. b4 {[%emt 00:01:27]} cxb4+ {[%emt
00:01:10]} 39. axb4 {[%emt 00:00:14]} Rd4 {[%emt 00:01:17]} 40. h4 {[%emt
00:00:36]} Kg8 {[%emt 00:01:01]} 41. Rb6 {[%emt 00:01:09]} Kg7 {[%emt
00:00:22]} 42. Rbf6 {[%emt 00:02:35]} Kg8 {[%emt 00:00:06]} 43. Rb6 {[%emt
00:00:31]} 1/2-1/2

[Event "Barbera Vs Valls"]
[Site "Barbera de Valles"]
[Date "2023.02.04"]
[Round "3.9"]
[White "Martinez Ramirez, Erik"]
[Black "Ryan, Joe"]
[Result "1/2-1/2"]
[TimeControl "90'+30\""]
[WhiteTitle "FM"]
[BlackTitle "FM"]
[WhiteFideId "22202366"]
[BlackFideId "2500426"]
[WhiteElo "2186"]
[BlackElo "2230"]

1. e4 {[%emt 00:00:03]} e5 {[%emt 00:01:05]} 2. Nf3 {[%emt 00:00:08]} Nc6
{[%emt 00:00:07]} 3. Bc4 {[%emt 00:00:38]} Bc5 {[%emt 00:00:17]} 4. c3 {[%emt
00:00:15]} Nf6 {[%emt 00:00:14]} 5. d4 {[%emt 00:00:08]} exd4 {[%emt 00:00:13]}
6. cxd4 {[%emt 00:00:09]} Bb4+ {[%emt 00:00:11]} 7. Nc3 {[%emt 00:00:16]} Nxe4
{[%emt 00:00:57]} 8. O-O {[%emt 00:00:17]} Bxc3 {[%emt 00:00:58]} 9. d5 {[%emt
00:00:12]} Bf6 {[%emt 00:08:52]} 10. Re1 {[%emt 00:00:41]} Ne7 {[%emt
00:01:32]} 11. Rxe4 {[%emt 00:00:07]} d6 {[%emt 00:00:59]} 12. Rf4 {[%emt
00:00:23]} Ng6 {[%emt 00:08:41]} 13. Re4+ {[%emt 00:00:10]} Ne7 {[%emt
00:03:21]} 14. Rf4 {[%emt 00:00:46]} Ng6 {[%emt 00:00:20]} 15. Re4+ {[%emt
00:00:08]} Ne7 {[%emt 00:03:50]} 1/2-1/2